| 000 | 00922cab a2200253 4500 | ||
|---|---|---|---|
| 001 | ABS55479 | ||
| 008 | 090401t1996 xxu||||| |||| 00| 0 eng d | ||
| 035 | _a(Sirsi) u16805 | ||
| 041 | _aeng | ||
| 100 | _aWhitmore, J. | ||
| 245 | _aSigns of a new lease of life? | ||
| 260 | _c1996 | ||
| 350 | _a0 | ||
| 490 |
_aLocal Government Chronicle _vSupplement (6711) 5 July 1996, 10-12(3) |
||
| 520 | _aWarns that investment in property shares is still a high risk area despite an early upturn in the first part of this year. Looks back at continued underperformance over the past six years and lists the `winners and losers` in 1995 property share prices. | ||
| 650 | _aEQUITY | ||
| 650 | _aGILTS | ||
| 650 | _aINVESTMENT MARKET | ||
| 650 | _aPENSION FUNDS | ||
| 650 | _aPROPERTY SHARES | ||
| 690 | _aPROPERTY-COMMERCIAL PROPERTY-COMMERCIAL PROPERTY FINANCE AND INVESTMENT | ||
| 942 | _n0 | ||
| 948 | _c04/03/1997 | ||
| 999 |
_c11119 _d11119 |
||